| 000 | 00391nam a2200145 a 4500 | ||
|---|---|---|---|
| 001 | 4630 | ||
| 003 | CDMR | ||
| 005 | 20130301115056.0 | ||
| 008 | 130130s1999||||||||||||||||||||||||||||d | ||
| 040 |
_aCDMR _bcat _cCDMR |
||
| 245 | 0 | 0 |
_aGirona _b: Guia de fons en imatge |
| 260 |
_aGirona _bAjuntament de Girona |
||
| 260 |
_c1999 _bCentre de Recerca i Difusió de la Imatge (CRDI) |
||
| 942 |
_cMON _2ddc |
||
| 999 |
_c4630 _d4630 |
||